[Event "Titled Tue 1st Jul Late"]
[Site "chess.com INT"]
[Date "2025.07.01"]
[Round "2"]
[White "Bagrationi, Alexander"]
[Black "Marichal Gonzalez, Ariel"]
[Result "0-1"]
[WhiteTitle "GM"]
[BlackTitle "IM"]
[WhiteElo "2406"]
[BlackElo "2268"]
[WhiteFideId "14104954"]
[BlackFideId "3503232"]
[EventDate "2025.07.01"]

1. e4 c6 2. d4 d5 3. e5 Bf5 4. Nc3 e6 5. g4 Bg6 6. Nge2 h6 7. Be3 Bb4 8. Bg2 Ne7
9. O-O Nd7 10. f4 Qc7 11. a3 Ba5 12. b4 Bb6 13. Na4 O-O-O 14. Nc5 Bxc5 15. bxc5
f5 16. h3 fxg4 17. hxg4 Be4 18. Ng3 Bxg2 19. Kxg2 g6 20. Rh1 b6 21. cxb6 Nxb6
22. Rb1 Nc4 23. Bc1 Qa5 24. Qd3 Kc7 25. f5 gxf5 26. Rxh6 Rxh6 27. Bxh6 Qxa3 28.
Qxa3 Nxa3 29. Ra1 Nb5 30. Bg5 Kd7 31. Bxe7 Kxe7 32. gxf5 exf5 33. Nxf5+ Ke6 34.
Rf1 Rg8+ 35. Kh3 a5 36. c3 a4 37. Ne3 a3 38. c4 dxc4 39. Rf6+ Kd7 40. Nxc4 a2
41. Rf1 Rb8 42. Na5 Nc3 43. Rf7+ Ke6 44. Rf6+ Kd5 45. Rd6+ Ke4 46. Nxc6 Rh8+ 47.
Kg4 a1=Q 48. Rf6 Qg1# 0-1

[Event "Titled Tue 1st Jul Late"]
[Site "chess.com INT"]
[Date "2025.07.01"]
[Round "2"]
[White "Rogov, Matfey"]
[Black "Taranenko, Evgueniy"]
[Result "1-0"]
[WhiteTitle "FM"]
[WhiteElo "2348"]
[BlackElo "2201"]
[WhiteFideId "44191308"]
[BlackFideId "14122138"]
[EventDate "2025.07.01"]

1. d4 Nc6 2. d5 Ne5 3. f4 Ng6 4. Nf3 e6 5. e4 Bc5 6. dxe6 dxe6 7. Qxd8+ Kxd8 8.
Nc3 Nf6 9. Ng5 Ke7 10. Na4 Bb6 11. b3 h6 12. e5 Nd5 13. Nh3 Ba5+ 14. Kf2 Bd7 15.
Ba3+ Bb4 16. Bc1 Bxa4 17. bxa4 Nc3 18. Kf3 Nh4+ 19. Kf2 Bc5+ 20. Be3 Bxe3+ 21.
Kxe3 Nf5+ 22. Kf2 Rhd8 23. Bd3 Nxa4 24. Rab1 Nc5 25. Rhd1 b6 26. Be2 Nd4 27. Bd3
Nxd3+ 28. cxd3 h5 29. Ng5 Nf5 30. Ne4 Rd4 31. Rbc1 c5 32. h3 h4 33. Rc3 Rad8 34.
Ra3 R8d7 35. Ke2 c4 36. Nf2 cxd3+ 37. Rdxd3 Rxd3 38. Nxd3 Nd4+ 39. Kf2 Nb5 40.
Rb3 Nd4 41. Rb1 Nf5 42. Nb4 Nd4 43. Rd1 1-0

[Event "Titled Tue 1st Jul Late"]
[Site "chess.com INT"]
[Date "2025.07.01"]
[Round "2"]
[White "Karas, Eugenia"]
[Black "Sturt, Raven"]
[Result "0-1"]
[WhiteTitle "WFM"]
[BlackTitle "GM"]
[WhiteElo "2124"]
[BlackElo "2459"]
[WhiteFideId "463485"]
[BlackFideId "2007304"]
[EventDate "2025.07.01"]

1. Nf3 f5 2. b3 Nf6 3. Bb2 g6 4. d4 Bg7 5. e3 O-O 6. Be2 d6 7. O-O c6 8. c4 Nfd7
9. Ng5 Nb6 10. Qc2 e5 11. Nf3 e4 12. Nfd2 a5 13. Nc3 Na6 14. a3 Qe7 15. d5 Bd7
16. Rfd1 Rac8 17. dxc6 bxc6 18. Nf1 Be6 19. Qd2 Rfd8 20. Rac1 Nc5 21. b4 Nb3 22.
Qc2 Nxc1 23. Rxc1 axb4 24. axb4 Nxc4 25. Bxc4 Bxc4 26. Na4 Bd3 27. Qb3+ Qf7 28.
Qxf7+ Kxf7 29. Bxg7 Kxg7 30. Nb6 Rc7 31. Nd5 Ra7 32. Nf4 Rc8 33. h3 c5 34. bxc5
dxc5 35. Ne6+ Kf7 36. Nxc5 Rxc5 37. Rxc5 Ra1 38. Rc7+ Kg8 39. Rc8+ Kg7 40. Rc7+
Kh6 41. g3 Rxf1+ 42. Kh2 Rd1 43. Kg2 Be2 44. g4 fxg4 45. hxg4 Bxg4 46. Kg3 Kg5
47. Rc5+ Bf5 48. f4+ exf3 49. Kxf3 h5 50. e4 Rf1+ 51. Kg2 Rf4 52. exf5 Rxf5 53.
Rc7 h4 54. Rc3 Kg4 55. Rc4+ Rf4 56. Rc6 g5 57. Rc8 Ra4 58. Rc2 h3+ 59. Kh2 Kh4
60. Rc8 Ra2+ 61. Kh1 g4 62. Rc7 Ra1+ 63. Kh2 g3# 0-1

[Event "Titled Tue 1st Jul Late"]
[Site "chess.com INT"]
[Date "2025.07.01"]
[Round "2"]
[White "Vihaan Karthikeya N"]
[Black "Omariev, Maksim"]
[Result "0-1"]
[BlackTitle "FM"]
[WhiteElo "2179"]
[BlackElo "2304"]
[WhiteFideId "25950673"]
[BlackFideId "4193423"]
[EventDate "2025.07.01"]

1. d4 h5 2. e4 h4 3. Nc3 d6 4. Be2 h3 5. g3 e5 6. dxe5 dxe5 7. Qxd8+ Kxd8 8. Nf3
f6 9. Be3 c6 10. O-O-O+ Kc7 11. Bc4 Bb4 12. Ne2 Bg4 13. Nh4 b5 14. f3 Bh5 15.
Nf5 bxc4 16. Nxg7 Bxf3 17. Ne6+ Kb7 18. c3 Bxh1 19. cxb4 Bf3 20. Rd8 Bxe2 21.
Nc5+ Kc7 22. Ne6+ Kb7 23. Nc5+ Kb6 24. Na4+ Kc7 25. Rf8 Bg4 26. Rf7+ Nd7 27. Nc5
Nh6 28. Rg7 Rag8 29. Re7 Re8 30. Rg7 Reg8 31. Re7 Kd8 32. Bxh6 Kxe7 33. Be3 Nxc5
34. Bxc5+ Ke6 35. Kd2 f5 36. Kc3 fxe4 37. Kd2 Bf3 38. Ke3 Rxg3 39. Bf8 Rg2 0-1

[Event "Titled Tue 1st Jul Late"]
[Site "chess.com INT"]
[Date "2025.07.01"]
[Round "2"]
[White "Qiao, Cindy"]
[Black "Hadzovic, Amir"]
[Result "0-1"]
[WhiteTitle "WFM"]
[BlackTitle "FM"]
[WhiteElo "1899"]
[BlackElo "2354"]
[WhiteFideId "2620243"]
[BlackFideId "14402300"]
[EventDate "2025.07.01"]

1. d4 d6 2. Bf4 Nd7 3. Nf3 g6 4. Nc3 Bg7 5. e4 e5 6. dxe5 dxe5 7. Bg5 f6 8. Be3
Nb6 9. Qxd8+ Kxd8 10. O-O-O+ Bd7 11. Nd5 Ne7 12. Nxb6 axb6 13. Bb5 Nc6 14. Kb1
Ke7 15. Rd2 Be6 16. a3 Ra5 17. Be2 Rha8 18. Rhd1 Bf8 19. Ne1 Ke8 20. g3 Bxa3 21.
bxa3 Rxa3 22. f4 Ra1+ 23. Kb2 R8a2+ 24. Kc3 Ra3+ 25. Kb2 R1a2+ 26. Kb1 Rxe3 27.
Bb5 Rxe4 28. Nd3 Ra5 29. Bxc6+ bxc6 30. c3 Bf5 31. Kb2 Rea4 32. Nb4 c5 33. Rd8+
Kf7 34. Nc6 Ra2+ 35. Kb3 Be6+ 36. R1d5 c4+ 37. Kxc4 Rxd5 38. Rxd5 Bxd5+ 39. Kxd5
exf4 40. gxf4 Rxh2 41. Nd4 h5 42. f5 g5 43. Kc6 Rh3 44. c4 Rc3 45. Kd5 h4 46.
Ne6 h3 47. Nxc7 h2 48. Nb5 h1=Q+ 49. Kd4 Rc1 50. Nd6+ Kf8 51. Ne4 Rd1+ 52. Ke3
Re1+ 0-1

[Event "Titled Tue 1st Jul Late"]
[Site "chess.com INT"]
[Date "2025.07.01"]
[Round "2"]
[White "Gelman, Alexander"]
[Black "Ozen, Batuhan"]
[Result "1-0"]
[WhiteTitle "IM"]
[BlackTitle "CM"]
[WhiteElo "2403"]
[BlackElo "2128"]
[WhiteFideId "4118316"]
[BlackFideId "6345123"]
[EventDate "2025.07.01"]

1. d4 Nf6 2. Nc3 c5 3. d5 e5 4. e4 d6 5. Nf3 Bg4 6. h3 Bxf3 7. Qxf3 Be7 8. g4
O-O 9. h4 Ne8 10. g5 Nd7 11. Bh3 c4 12. Be3 a6 13. a4 Nc7 14. Rg1 b5 15. axb5
axb5 16. Rxa8 Nxa8 17. Nxb5 Qa5+ 18. Nc3 Nc5 19. h5 Nb6 20. Kd2 Nba4 21. Rb1 Rb8
22. g6 fxg6 23. hxg6 hxg6 24. Bxc5 Nxc5 25. Be6+ Nxe6 26. dxe6 Bg5+ 27. Ke2 Rf8
28. Qg4 Qb6 29. Nd1 Qd8 30. Ra1 Qf6 31. Ra7 Bh6 32. Rd7 Kh7 33. Rxd6 Qe7 34. Rd5
Qb4 35. Rd7 Rf4 36. Qg2 c3 37. bxc3 Qc4+ 38. Rd3 Rxe4+ 39. Kf1 Rg4 40. Qd5 Qf4
41. e7 Rh4 42. e8=Q Rh1+ 43. Qxh1 1-0

[Event "Titled Tue 1st Jul Late"]
[Site "chess.com INT"]
[Date "2025.07.01"]
[Round "2"]
[White "Popilski, Gil"]
[Black "Dubnevych, Maksym"]
[Result "0-1"]
[WhiteTitle "GM"]
[BlackTitle "FM"]
[WhiteElo "2431"]
[BlackElo "2296"]
[WhiteFideId "2809060"]
[BlackFideId "14184001"]
[EventDate "2025.07.01"]

1. d4 Nf6 2. c4 e6 3. Nf3 d5 4. g3 dxc4 5. Bg2 Nbd7 6. O-O c6 7. a4 a5 8. Na3
Bxa3 9. Rxa3 O-O 10. b3 cxb3 11. Rxb3 c5 12. Ba3 Qc7 13. Nd2 Rd8 14. Qc2 Nb6 15.
Rc3 Bd7 16. Rxc5 Qb8 17. Rb1 Nxa4 18. Rxb7 Qd6 19. Nc4 Qxd4 20. Rcc7 Rac8 21.
Nd6 Rxc7 22. Qxc7 Rf8 23. Bf1 Qa1 24. Nc4 Rc8 25. Rb8 Rxb8 26. Qxb8+ Ne8 27. Qd8
Bb5 28. Qe7 h5 29. Qf8+ Kh7 30. Qxf7 Nf6 31. Bf8 Ng8 32. Qxh5+ Nh6 33. Ne5 Be8
34. Qg5 Nf5 35. g4 Qxe5 36. gxf5 exf5 37. Qh4+ Kg8 38. Ba3 Nc3 39. e3 Ne4 40.
Bc4+ Bf7 41. Qd8+ Kh7 42. Bxf7 Qa1+ 43. Kg2 Nf6 44. Qg8+ Nxg8 45. Bf8 Nf6 46.
Be7 Qe5 47. Ba3 Qe4+ 48. Kg3 Qg4# 0-1

[Event "Titled Tue 1st Jul Late"]
[Site "chess.com INT"]
[Date "2025.07.01"]
[Round "2"]
[White "Kjaergaard-Jensen, Jesper"]
[Black "Przybylski, Wojciech"]
[Result "0-1"]
[WhiteTitle "CM"]
[BlackTitle "FM"]
[WhiteElo "2081"]
[BlackElo "2340"]
[WhiteFideId "1406990"]
[BlackFideId "1117599"]
[EventDate "2025.07.01"]

1. d4 Nf6 2. Nf3 g6 3. c3 Bg7 4. Bg5 O-O 5. Nbd2 c5 6. Bxf6 Bxf6 7. dxc5 b6 8.
Ne4 Bg7 9. Qd5 Nc6 10. e3 Bb7 11. Qd3 f5 12. Qc4+ Kh8 13. Neg5 e6 14. O-O-O Qe7
15. cxb6 axb6 16. h4 d5 17. Qb3 h6 18. h5 hxg5 19. hxg6+ Kg8 20. Rh7 Qf6 21. Bb5
Qxg6 22. Rdh1 Ne7 23. Ne5 Bxe5 24. Rxe7 Bc8 25. Bc6 Rb8 26. Bxd5 Re8 27. Rxe8+
Qxe8 28. Bf3 g4 29. Be2 Bg7 30. Bd3 Qf7 31. f4 Bd7 32. Rh4 b5 33. a4 Bf6 34. Rh6
b4 35. c4 Qg7 36. Rh5 Qe7 37. Bxf5 exf5 38. c5+ Be6 39. Qc2 b3 40. Qd1 Qxc5+ 41.
Kb1 Qc2+ 42. Qxc2 bxc2+ 43. Kxc2 Rxb2+ 44. Kd3 Ra2 45. Rh6 Kg7 46. Rxf6 Kxf6 47.
Kd4 Rxa4+ 0-1

[Event "Titled Tue 1st Jul Late"]
[Site "chess.com INT"]
[Date "2025.07.01"]
[Round "2"]
[White "Santos, Antonio P"]
[Black "Nguyen Hong Nhung"]
[Result "0-1"]
[WhiteTitle "FM"]
[BlackTitle "WFM"]
[WhiteElo "2165"]
[BlackElo "2201"]
[WhiteFideId "1900161"]
[BlackFideId "12412201"]
[EventDate "2025.07.01"]

1. d4 f5 2. Nf3 Nf6 3. g3 g6 4. Bg2 Bg7 5. O-O O-O 6. b3 d6 7. Bb2 Ne4 8. c4 Nc6
9. e3 e5 10. dxe5 dxe5 11. Qe2 Qe8 12. Nfd2 Nf6 13. Rd1 e4 14. Nc3 Be6 15. Nb5
Qf7 16. Rac1 h5 17. Nd4 Nxd4 18. Bxd4 h4 19. f4 hxg3 20. hxg3 Ng4 21. Nf1 Rfd8
22. Bxg7 Qxg7 23. Bh3 Nf6 24. Rxd8+ Rxd8 25. Rd1 Qe7 26. Rxd8+ Qxd8 27. Qd2 Qd3
28. Qxd3 exd3 29. Nd2 b5 30. cxb5 Nd5 31. Kf2 Nc3 32. Bg2 Nxa2 33. e4 Nc3 34.
Ke3 Nxb5 35. Kxd3 Kf7 36. e5 c5 37. Bc6 Nd4 38. Bg2 Nxb3 39. Nxb3 Bxb3 40. Kc3
Ba2 41. Bb7 Ke6 42. Bc6 Bd5 43. Be8 g5 44. Bh5 gxf4 45. gxf4 Kd7 46. Bg6 Be6 47.
Bh5 Kc6 48. Bf3+ Kb5 49. Be2+ Kb6 50. Bd3 a5 51. Bc2 c4 52. Ba4 Kc5 53. Be8 Kd5 0-1

[Event "Titled Tue 1st Jul Late"]
[Site "chess.com INT"]
[Date "2025.07.01"]
[Round "2"]
[White "Moussard, Jules"]
[Black "Ribeiro, Gustavo"]
[Result "1-0"]
[WhiteTitle "GM"]
[BlackTitle "FM"]
[WhiteElo "2597"]
[BlackElo "2314"]
[WhiteFideId "642908"]
[BlackFideId "1941852"]
[EventDate "2025.07.01"]

1. e4 c5 2. d4 cxd4 3. Qxd4 Nc6 4. Qd3 Nf6 5. Nc3 g6 6. Nf3 Bg7 7. Be2 O-O 8.
O-O d6 9. Nd5 Nxd5 10. exd5 Bf5 11. Qd1 Ne5 12. Nd4 Qc8 13. f4 Ng4 14. Nxf5 gxf5
15. Bxg4 Qc5+ 16. Kh1 fxg4 17. f5 h5 18. c3 a5 19. Bg5 Bf6 20. Qd2 Kh7 21. Rae1
a4 22. a3 Ra5 23. c4 Raa8 24. Re4 b5 25. Bxf6 exf6 26. Qc3 Kg7 27. h3 Rh8 28.
Kh2 bxc4 29. Qxc4 Qxc4 30. Rxc4 Rhb8 31. Rf2 Rb5 32. hxg4 hxg4 33. Rxg4+ Kf8 34.
Rh4 Rab8 35. Rh8+ Kg7 36. Rxb8 Rxb8 37. Kg3 Rb5 38. Rd2 Kf8 39. Kf4 Ke7 40. Ke4
Rb3 41. Kd4 Kf8 42. Rc2 Ke7 43. Ke4 Kd7 44. g4 Rg3 45. Kf4 Rb3 46. g5 Rb5 47. g6
fxg6 48. fxg6 Rxd5 49. Rg2 Rd4+ 50. Ke3 Rd5 51. g7 1-0

[Event "Titled Tue 1st Jul Late"]
[Site "chess.com INT"]
[Date "2025.07.01"]
[Round "2"]
[White "Fadi, Marko"]
[Black "Ashraf, Artin"]
[Result "0-1"]
[WhiteTitle "FM"]
[BlackTitle "FM"]
[WhiteElo "2298"]
[BlackElo "2407"]
[WhiteFideId "10605371"]
[BlackFideId "22514805"]
[EventDate "2025.07.01"]

1. c4 c6 2. d4 d5 3. cxd5 cxd5 4. Nc3 Nc6 5. Nf3 Nf6 6. Bf4 a6 7. h3 Bf5 8. e3
e6 9. Bd3 Bxd3 10. Qxd3 Be7 11. O-O O-O 12. Rac1 Qb6 13. Na4 Qb5 14. Qd1 Rac8
15. a3 Ne4 16. Nc3 Qxb2 17. Nxe4 dxe4 18. Nd2 Qxa3 19. Nxe4 Rfd8 20. Qh5 Qa5 21.
Nc5 Rd5 22. Qg4 Bxc5 23. dxc5 h5 24. Qg3 Rxc5 25. Rb1 Rb5 26. Rbd1 Rd5 27. Ra1
Qd8 28. Rfb1 Qf6 29. h4 Rd7 30. Ra2 Qf5 31. Rab2 e5 32. Bh6 Qg6 33. Qxg6 fxg6
34. Bg5 b5 35. Ra1 Ra7 36. Rc2 b4 37. Rac1 Rac7 38. f4 a5 39. fxe5 b3 40. Rc4 a4
41. e6 b2 42. Rb1 a3 43. Ra4 Ra7 44. Rxa3 Rxa3 45. Rxb2 Re8 46. Rb6 Rxe6 47.
Rb8+ Kh7 48. Rb6 Nd4 49. Kh2 Rxb6 50. exd4 Rb5 51. d5 Rxd5 52. Bf4 Ra4 53. g3
Rxf4 54. Kh3 Rf2 55. g4 Rd3# 0-1

[Event "Titled Tue 1st Jul Late"]
[Site "chess.com INT"]
[Date "2025.07.01"]
[Round "2"]
[White "Rodgers, Jack"]
[Black "Soza de la Carrera, Jose"]
[Result "1-0"]
[WhiteTitle "FM"]
[BlackTitle "CM"]
[WhiteElo "2183"]
[BlackElo "2221"]
[WhiteFideId "3220885"]
[BlackFideId "3401278"]
[EventDate "2025.07.01"]

1. d4 f5 2. Bg5 g6 3. e3 Bg7 4. Nc3 d6 5. h4 h6 6. Bf4 Nf6 7. h5 g5 8. Bg3 Nc6
9. Bc4 e6 10. d5 Ne5 11. Bxe5 dxe5 12. dxe6 Qxd1+ 13. Rxd1 c6 14. Nf3 Ng4 15. e4
f4 16. Nh2 Nxh2 17. Rxh2 Ke7 18. g4 b5 19. Bb3 a5 20. a4 b4 21. Nb1 Bxe6 22.
Bxe6 Kxe6 23. f3 Rhd8 24. Rhd2 Bf6 25. Rxd8 Rxd8 26. Rxd8 Bxd8 27. Ke2 Bb6 28.
Kd3 Be3 29. c3 bxc3 30. Kxc3 Kd6 31. Kc4 Bc1 32. b4 axb4 33. Kxb4 Kc7 34. Nc3
Bd2 35. Kc4 Kb6 36. Nb1 Be3 37. Na3 Ka5 38. Kb3 Ka6 39. Nc4 Bd4 40. Kb4 c5+ 41.
Kb3 Kb7 42. Nd6+ Kc6 43. Nf7 Kd7 44. Nxh6 Ke7 45. Kc4 Bf2 46. Nf5+ Kf6 47. a5 1-0

[Event "Titled Tue 1st Jul Late"]
[Site "chess.com INT"]
[Date "2025.07.01"]
[Round "2"]
[White "Bazan Romero, Octavio Aaron"]
[Black "Mata Gonzalez, Jose Fernando"]
[Result "0-1"]
[WhiteTitle "FM"]
[BlackTitle "CM"]
[WhiteElo "2289"]
[BlackElo "2164"]
[WhiteFideId "20003943"]
[BlackFideId "5107423"]
[EventDate "2025.07.01"]

1. e4 e5 2. Nf3 Nc6 3. Bb5 a6 4. Ba4 Nf6 5. O-O Be7 6. Re1 b5 7. Bb3 O-O 8. a4
Bb7 9. Nc3 Nd4 10. Nxd4 exd4 11. e5 dxc3 12. exf6 cxb2 13. Bxb2 Bxf6 14. Bxf6
Qxf6 15. Qg4 Bc6 16. axb5 axb5 17. Rxa8 Rxa8 18. d4 g6 19. h3 h5 20. Qd1 d6 21.
Qd3 Re8 22. Ra1 Kg7 23. Qc3 Be4 24. Qxc7 Re7 25. Qd8 Qg5 26. g3 Qf6 27. Re1 Qf3
28. Kf1 Qg2+ 29. Ke2 Bf3+ 30. Kd2 Qxf2+ 31. Kc3 Qxe1+ 32. Kb2 Qe4 33. Kc3 d5 34.
Bxd5 b4+ 35. Kxb4 Qxd5 36. Qxe7 Qxd4+ 37. Kb3 Qf6 38. Qe3 Qe6+ 39. Qxe6 fxe6 40.
c4 g5 41. c5 Kf6 42. Kc4 Ke7 43. Kd4 Kf6 44. Ke3 Bc6 45. Kd4 Kf5 46. Ke3 e5 47.
Kd3 h4 48. g4+ Kf4 49. Ke2 Kg3 50. Kf1 Kxh3 51. Kf2 Kxg4 52. Ke3 0-1

[Event "Titled Tue 1st Jul Late"]
[Site "chess.com INT"]
[Date "2025.07.01"]
[Round "2"]
[White "Svane, Rasmus"]
[Black "Novosel, Lovro"]
[Result "1-0"]
[WhiteTitle "GM"]
[BlackTitle "FM"]
[WhiteElo "2626"]
[BlackElo "2338"]
[WhiteFideId "4657101"]
[BlackFideId "14547120"]
[EventDate "2025.07.01"]

1. Nf3 Nf6 2. g3 e6 3. Bg2 d5 4. O-O Be7 5. d4 O-O 6. Bf4 b6 7. c4 c6 8. Nbd2
Bb7 9. Qc2 Nbd7 10. e4 Rc8 11. e5 Ne8 12. cxd5 cxd5 13. Qd1 a5 14. h4 Ba6 15.
Re1 Nc7 16. Nf1 b5 17. Ne3 b4 18. h5 h6 19. Ng4 Re8 20. Qd2 Bf8 21. Ne3 Nb6 22.
g4 Nc4 23. Nxc4 dxc4 24. g5 c3 25. bxc3 bxc3 26. Qc1 Nd5 27. gxh6 Nxf4 28. Qxf4
gxh6 29. Kh2 Bd3 30. Rg1 Bg7 31. Bf1 Bf5 32. Qxh6 Bg6 33. Rxg6 fxg6 34. Qxg6 c2
35. h6 Qe7 36. Bd3 c1=Q 37. Rxc1 Rxc1 38. hxg7 Qxg7 39. Qxe8+ Qf8 40. Qxe6+ Qf7
41. Qg4+ Kf8 42. e6 Qf6 43. d5 Rc3 44. Be4 Rc1 45. d6 Qh6+ 46. Kg3 Rh1 47. e7+
Kf7 48. Bd5+ Kf6 49. e8=Q Rg1+ 50. Nxg1 Qh2+ 51. Kxh2 a4 52. Qf4+ 1-0

[Event "Titled Tue 1st Jul Late"]
[Site "chess.com INT"]
[Date "2025.07.01"]
[Round "2"]
[White "Shapiro, Daniel"]
[Black "Lizak, Jakub"]
[Result "0-1"]
[WhiteTitle "FM"]
[BlackTitle "CM"]
[WhiteElo "2284"]
[BlackElo "2219"]
[WhiteFideId "2001780"]
[BlackFideId "1158520"]
[EventDate "2025.07.01"]

1. d4 d5 2. c4 e5 3. dxe5 d4 4. Nf3 Nc6 5. Nbd2 Nge7 6. a3 a5 7. g3 Ng6 8. Bg2
Be6 9. O-O h5 10. h4 Qd7 11. Ng5 Bf5 12. f4 Bc5 13. Kh2 Bg4 14. Nde4 Ba7 15. Qd3
Nce7 16. b4 Nf5 17. c5 O-O 18. Bb2 Rad8 19. Qb3 a4 20. Qc4 Ne3 21. Qa2 Nxf1+ 22.
Rxf1 Qf5 23. Ba1 Kh8 24. Rd1 f6 25. e6 Rde8 26. Nf7+ Kh7 27. Rxd4 Rxe6 28. Nc3
Re7 29. Be4 Rxe4 30. Nxe4 Nxf4 31. Nf2 Ng6 32. Nxg4 hxg4 33. Qd2 Qf2+ 34. Kh1
Qxg3 35. Rd7 Qxh4+ 36. Kg1 g3 37. e4 b6 38. Qg2 bxc5 39. b5 c4+ 40. Kf1 Qh2 41.
Qxh2+ gxh2 42. Kg2 Re8 43. Rxc7 Bb8 44. Rb7 Rxe4 45. Bc3 Re2+ 46. Kh1 Bg3 47.
Rd7 Nh4 48. Rd1 Nf3 49. Rf1 Re3 0-1

[Event "Titled Tue 1st Jul Late"]
[Site "chess.com INT"]
[Date "2025.07.01"]
[Round "2"]
[White "Sinkar, Anagha Aniket"]
[Black "Turcsanyi, Vince Gergo"]
[Result "0-1"]
[WhiteTitle "WCM"]
[BlackTitle "FM"]
[WhiteElo "1776"]
[BlackElo "2312"]
[WhiteFideId "30974780"]
[BlackFideId "791784"]
[EventDate "2025.07.01"]

1. e4 e5 2. Nf3 Nc6 3. Nc3 Nf6 4. g3 d5 5. exd5 Nxd5 6. Bg2 Nxc3 7. bxc3 Bd6 8.
O-O O-O 9. d4 exd4 10. cxd4 Ne7 11. Bb2 c6 12. Qd2 h6 13. Rfe1 Be6 14. Qe2 Qb6
15. c4 Bxc4 16. Qxc4 Qxb2 17. Reb1 b5 18. Qd3 Qa3 19. Rb3 Qa4 20. Ne5 Bxe5 21.
dxe5 Rfd8 22. Qe3 Qd4 23. Re1 Qxe3 24. Rbxe3 Rd2 25. R3e2 Rad8 26. e6 Rxe2 27.
exf7+ Kxf7 28. Rxe2 Rd1+ 29. Bf1 Kf6 30. Kg2 Nf5 31. Rc2 Nd4 32. Rc3 Ke5 33. Ra3
b4 34. Rxa7 Ne6 35. Rb7 c5 36. Bc4 Rd4 37. Bb3 c4 38. Ba4 c3 39. Re7 Kf6 40. Re8
Nc5 41. Bc2 Rd2 42. Bh7 Rxa2 43. Rf8+ Ke7 44. Rg8 c2 45. Rxg7+ Kd6 46. Bxc2 Rxc2
47. Rg6+ Kd5 48. Rxh6 b3 49. Rb6 b2 50. h4 Nd3 51. h5 Rxf2+ 52. Kh3 Rf1 53. h6
Rh1+ 54. Kg2 Rxh6 55. Rb5+ Kc4 56. Rb8 Ra6 57. g4 Ra1 58. g5 b1=Q 59. Rxb1 Rxb1 0-1

[Event "Titled Tue 1st Jul Late"]
[Site "chess.com INT"]
[Date "2025.07.01"]
[Round "2"]
[White "Holinka, Henning"]
[Black "Vetokhin, Savva"]
[Result "0-1"]
[WhiteTitle "FM"]
[BlackTitle "GM"]
[WhiteElo "2303"]
[BlackElo "2570"]
[WhiteFideId "12967084"]
[BlackFideId "44144474"]
[EventDate "2025.07.01"]

1. Nf3 Nf6 2. g3 b5 3. a4 b4 4. Bg2 Bb7 5. O-O e6 6. d3 Be7 7. e4 d6 8. Nbd2 O-O
9. Nc4 a5 10. c3 Nbd7 11. cxb4 axb4 12. b3 c5 13. Bb2 Nb6 14. Nxb6 Qxb6 15. e5
dxe5 16. Nxe5 Bxg2 17. Kxg2 Nd5 18. Qf3 Qd8 19. Rac1 Rc8 20. Rc4 Bf6 21. Rfc1
Qd6 22. Qe2 Nc3 23. Bxc3 bxc3 24. f4 Qd5+ 25. Qe4 Bxe5 26. fxe5 Qd8 27. R4xc3
Qg5 28. R1c2 h5 29. Qf4 Qg6 30. b4 Rfd8 31. Rxc5 Rxc5 32. bxc5 Qxd3 33. Rf2 Qd7
34. Qe4 Rc8 35. Rc2 Rc6 36. a5 Qc7 37. h4 g6 38. Qd4 Qxa5 39. Kh3 Qe1 40. Kg2
Qb1 41. Qd3 Kg7 42. Qc4 Qd1 43. Qc3 Qd5+ 44. Kh2 Qe4 45. Rc1 Ra6 46. Rc2 Qc6 47.
Qd4 Ra4 48. Qd7 Qxd7 0-1

[Event "Titled Tue 1st Jul Late"]
[Site "chess.com INT"]
[Date "2025.07.01"]
[Round "2"]
[White "Hauge, Lars Oskar"]
[Black "Mikhalsky, Vladimir"]
[Result "1-0"]
[WhiteTitle "GM"]
[WhiteElo "2462"]
[BlackElo "2219"]
[WhiteFideId "1509276"]
[BlackFideId "14144352"]
[EventDate "2025.07.01"]

1. f4 c5 2. Nf3 Nc6 3. d3 g6 4. g3 Bg7 5. e4 d6 6. Bg2 e6 7. O-O Nge7 8. c3 e5
9. Na3 O-O 10. f5 gxf5 11. Nh4 fxe4 12. dxe4 f5 13. Bg5 h6 14. Bxe7 Nxe7 15. Nc4
Rf6 16. exf5 Nxf5 17. Nxf5 Bxf5 18. Bxb7 Rb8 19. Bd5+ Kh8 20. Qh5 Bg6 21. Qg4
Bd3 22. Rxf6 Qxf6 23. Rd1 e4 24. Qf4 Qxf4 25. gxf4 Bxc4 26. Bxc4 Rxb2 27. Rxd6
Bxc3 28. Rd8+ Kg7 29. Rd7+ Kf6 30. Rxa7 Bd4+ 31. Kh1 e3 32. Rf7+ Kg6 33. Re7 Kf5
34. a4 Kxf4 35. a5 Be5 36. a6 Rb1+ 37. Kg2 Ra1 38. Rf7+ Ke4 39. Rd7 Ra4 40. Bd3+
Kf4 41. Rf7+ Kg4 42. Be2+ Kh4 43. Kf3 Bd4 44. Rf5 Bg7 45. Kg2 Rg4+ 46. Bxg4 Kxg4
47. Rxc5 e2 48. Rc4+ Kf5 49. Kf2 Be5 50. h3 Bb8 51. Kxe2 Kg5 52. Rc8 Ba7 53. Kf3
Bd4 54. Rc7 Bb6 55. Rb7 Bd4 56. Kg2 Be3 57. a7 Bxa7 58. Rxa7 1-0

[Event "Titled Tue 1st Jul Late"]
[Site "chess.com INT"]
[Date "2025.07.01"]
[Round "2"]
[White "Leinov, Roman"]
[Black "Gustafsson, Jan"]
[Result "0-1"]
[WhiteTitle "CM"]
[BlackTitle "GM"]
[WhiteElo "2120"]
[BlackElo "2591"]
[WhiteFideId "13504649"]
[BlackFideId "4625498"]
[EventDate "2025.07.01"]

1. Nf3 d5 2. g3 b6 3. Bg2 Bb7 4. d4 e6 5. O-O Nf6 6. b3 Be7 7. Bb2 O-O 8. c4
dxc4 9. bxc4 c5 10. d5 exd5 11. Nh4 Qd7 12. cxd5 Nxd5 13. Qd3 Na6 14. Rd1 Nab4
15. Qb3 c4 16. Qxc4 Qa4 17. Nc3 Nxc3 18. Bxc3 Bxg2 19. Kxg2 Rac8 20. Qd4 Qc6+
21. Nf3 Qxc3 22. Qe4 Qf6 23. a3 Nc6 24. Rac1 Bc5 25. Rd7 Rfe8 26. Qd3 Ne5 27.
Nxe5 Qxf2+ 28. Kh3 Rxe5 29. Qf3 Rxe2 30. Rxf7 Qxf3 31. Rxf3 Rf8 32. Rcf1 Rxf3
33. Rxf3 h5 34. Rd3 g5 35. Rd7 a5 36. a4 Ra2 37. Rd5 g4+ 38. Kh4 Rxh2+ 39. Kg5
Rh3 40. Rd3 Kf7 41. Rd7+ Ke6 42. Rd3 Ke5 43. Rd8 Rxg3 44. Kxh5 Rg1 45. Re8+ Kd5
46. Rg8 g3 47. Kh4 g2 48. Kh3 Kc4 49. Rxg2 Rxg2 50. Kxg2 Kb4 51. Kf3 Kxa4 52.
Ke4 Kb3 53. Kd5 a4 54. Ke4 a3 55. Kd3 a2 0-1

[Event "Titled Tue 1st Jul Late"]
[Site "chess.com INT"]
[Date "2025.07.01"]
[Round "2"]
[White "Budzisz, Adrian"]
[Black "Al Busaidi, Hamood"]
[Result "1-0"]
[WhiteTitle "CM"]
[BlackTitle "CM"]
[WhiteElo "2100"]
[BlackElo "2028"]
[WhiteFideId "21860238"]
[BlackFideId "22006230"]
[EventDate "2025.07.01"]

1. g3 h5 2. Nf3 d5 3. Bg2 c6 4. O-O Bf5 5. h4 e6 6. d3 Nf6 7. Nbd2 Nbd7 8. c4
Be7 9. cxd5 exd5 10. Re1 Ng4 11. e4 Be6 12. Nb3 Qb6 13. Be3 Nxe3 14. Rxe3 O-O-O
15. Qc2 Bf6 16. e5 Be7 17. d4 g6 18. Rc1 Kb8 19. a4 Bf5 20. Qe2 a5 21. Kh2 Nf8
22. Bh3 Bg4 23. Bxg4 hxg4 24. Ne1 g5 25. Qxg4 gxh4 26. Kg2 Ne6 27. Nf3 Rdg8 28.
Qf5 hxg3 29. fxg3 Rg7 30. Rh1 Rhg8 31. Rh3 Qb4 32. Kf2 Qxa4 33. Rh7 Qb4 34. Rxg7
Rxg7 35. Nfd2 a4 36. Qh5 axb3 37. Qh8+ Kc7 38. Nxb3 Bg5 39. Rf3 Qc4 40. Qe8 Nxd4
41. Rxf7+ Rxf7+ 42. Qxf7+ Kb6 43. Nxd4 Qxd4+ 44. Kg2 Qe4+ 45. Kh3 Qxe5 46. Qf2+
Be3 47. Qe2 d4 48. b4 Qe6+ 49. Kg2 Qe4+ 50. Kh3 d3 51. Qa2 Qh1+ 52. Kg4 Qe4+ 53.
Kh3 Qh7+ 54. Kg2 d2 55. Qa5# 1-0